Pôsobnosť prokuratúry po vydaní Ústavy SR. (Netrestná oblasť).
Pôsobnosť prokuratúry vymedzená v článku 149 Ústavy SR. Pôsobenie prokuratúry nielen v trestnom ale aj netrestnom úseku. Ochrana fiškálnych záujmov štátu. Pôsobnosť prokuratúry v rozsahu bývalej finančnej prokuratúry.
Enregistré dans:
| Auteur principal: | |
|---|---|
| Format: | Chapitre de livre |
| Langue: | slovaque |
| Sujets: | |
| Tags: |
Pas de tags, Soyez le premier à ajouter un tag!
|
MARC
| LEADER | 00000naa a2200000 4500 | ||
|---|---|---|---|
| 001 | r013739 | ||
| 005 | 20221205080325.8 | ||
| 041 | 0 | |a slo | |
| 044 | |a SK | ||
| 245 | 1 | 0 | |a Pôsobnosť prokuratúry po vydaní Ústavy SR. (Netrestná oblasť). |c E. Závadská |
| 520 | |a Pôsobnosť prokuratúry vymedzená v článku 149 Ústavy SR. Pôsobenie prokuratúry nielen v trestnom ale aj netrestnom úseku. Ochrana fiškálnych záujmov štátu. Pôsobnosť prokuratúry v rozsahu bývalej finančnej prokuratúry. | ||
| 610 | 2 | 0 | |a prokuratúra |
| 610 | 2 | 0 | |a ústava |
| 610 | 2 | 0 | |a Slovensko |
| 610 | 2 | 0 | |a financie |
| 100 | 1 | |a Závadská, E. | |